000 00514nam a2200181 a 4500
001 1769943201162
003 YourLibrary
005 20260201164119.0
008 260201s2004##################000#0#eng##
020 _a9781843766167
082 0 4 _a302.350
_bSVE
100 1 _aSvendsen, Gunnar Lind Haase,
_eauthor.
245 1 0 _aThe Creation and Destruction of Social Capital :
260 _bEdward Elgar Publishing,
_c2004.
650 0 _aCooperation.
942 _cENGLISH
040 _aYourLibrary
_beng
_cYourLibrary
999 _c609919
_d609919